[Event "Quebec op"]
[Site "Montreal CAN"]
[Date "2003.07.13"]
[Round "2"]
[White "Cazelais, Marc"]
[Black "Anastasovski, Nikola"]
[Result "1-0"]
[WhiteElo "2218"]
[BlackElo "2062"]
[PlyCount "115"]
[EventDate "2003.07.12"]
[EventType "swiss"]
[EventRounds "9"]
[EventCountry "CAN"]

1. e4 e5 2. Nc3 c5 3. Bc4 d6 4. d3 Be7 5. f4 Nf6 6. Nf3 Nc6 7. O-O O-O 8. f5
Na5 9. h3 Nxc4 10. dxc4 b6 11. Bg5 Bb7 12. Bxf6 Bxf6 13. Qd2 Be7 14. Rad1 f6
15. Qe2 Re8 16. Rd3 Qd7 17. Rfd1 Red8 18. a4 Bf8 19. b3 a6 20. Nh2 Bc6 21. Nd5
Bxd5 22. Rxd5 Qf7 23. Ng4 Rab8 24. R5d3 Kh8 25. Ne3 Rb7 26. g4 Rdb8 27. Kh2 g5
28. Kg2 Kg8 29. Rh1 b5 30. cxb5 axb5 31. axb5 Rxb5 32. Nc4 Qc7 33. Rhd1 Rd8 34.
Ne3 Rbb8 35. Nd5 Qf7 36. Ra1 Rb7 37. Rdd1 Kg7 38. Ra4 Ra7 39. Rda1 Rda8 40. Qc4
Rxa4 41. Rxa4 Rb8 42. Ra6 Rb7 43. Qa4 h5 44. Ra8 hxg4 45. hxg4 Qd7 46. Qxd7+
Rxd7 47. Rc8 Kf7 48. Rc7 Rxc7 49. Nxc7 Be7 50. Kf3 Bd8 51. Nd5 Ke8 52. Ke2 Kd7
53. Kd3 Kc6 54. Kc4 Kd7 55. Kb5 Be7 56. Nxe7 Kxe7 57. Kc6 d5 58. Kxd5 1-0

[Event "Quebec op"]
[Site "Montreal CAN"]
[Date "2003.07.13"]
[Round "2"]
[White "Hua, Lefong"]
[Black "Leriche, Felix"]
[Result "1-0"]
[WhiteElo "2329"]
[BlackElo "2127"]
[PlyCount "77"]
[EventDate "2003.07.12"]
[EventType "swiss"]
[EventRounds "9"]
[EventCountry "CAN"]

1. d4 d5 2. c4 e6 3. Nc3 c6 4. e3 Nd7 5. Nf3 f5 6. Bd3 Ngf6 7. O-O Bd6 8. b3
O-O 9. Bb2 Ne4 10. Ne2 Rf6 11. Ne5 Bxe5 12. dxe5 Rh6 13. f3 Qh4 14. h3 Ng3 15.
Nxg3 Qxg3 16. Qe1 Rxh3 17. Qxg3 Rxg3 18. cxd5 Nc5 19. dxe6 Nxd3 20. Rfd1 Bxe6
21. Rxd3 Bd5 22. Kf2 Rg6 23. Ba3 a5 24. Rd4 Kf7 25. Bd6 Ke8 26. Rh1 h6 27. Rf4
Kd7 28. Rxf5 a4 29. Rf8 Ra6 30. e4 axb3 31. exd5 Rxa2+ 32. Ke3 cxd5 33. Rf7+
Kc6 34. Rc1+ Kb6 35. Rcc7 d4+ 36. Kxd4 Rd2+ 37. Ke3 Rgxg2 38. Rxb7+ Kc6 39.
Rxb3 1-0

[Event "Quebec op"]
[Site "Montreal CAN"]
[Date "2003.07.13"]
[Round "2"]
[White "Laptos, Kris"]
[Black "Mikhalevski, Victor"]
[Result "0-1"]
[WhiteElo "2277"]
[BlackElo "2523"]
[PlyCount "62"]
[EventDate "2003.07.12"]
[EventType "swiss"]
[EventRounds "9"]
[EventCountry "CAN"]

1. d4 Nf6 2. Nf3 g6 3. c4 Bg7 4. Nc3 d5 5. Bg5 Ne4 6. cxd5 Nxg5 7. Nxg5 e6 8.
Nf3 exd5 9. e3 O-O 10. Be2 Qd6 11. O-O c6 12. a3 Be6 13. Qb3 Qc7 14. Rac1 Nd7
15. Na4 Rae8 16. Nc5 Nxc5 17. Rxc5 f5 18. Ng5 Qb6 19. Qc3 f4 20. e4 Bd7 21. e5
Qd8 22. Nf3 g5 23. h3 g4 24. hxg4 Bxg4 25. Qb3 Rf7 26. Rfc1 Re6 27. Qc2 Rh6 28.
b4 a6 29. Rc3 Bf8 30. Rb1 Rg7 31. Kf1 Rh1+ 0-1

[Event "Quebec op"]
[Site "Montreal CAN"]
[Date "2003.07.13"]
[Round "2"]
[White "Legky, Nikolay"]
[Black "Gravel, Simon M"]
[Result "1-0"]
[WhiteElo "2465"]
[BlackElo "2266"]
[PlyCount "41"]
[EventDate "2003.07.12"]
[EventType "swiss"]
[EventRounds "9"]
[EventCountry "CAN"]

1. d4 d5 2. c4 e6 3. Nc3 Be7 4. Nf3 Nf6 5. Bg5 h6 6. Bxf6 Bxf6 7. e3 c6 8. Qc2
O-O 9. O-O-O a6 10. h4 b5 11. g4 g6 12. g5 hxg5 13. hxg5 Bg7 14. Ne5 bxc4 15.
f4 Re8 16. Rd2 Nd7 17. Rdh2 Nxe5 18. dxe5 Qb6 19. Nd1 a5 20. Rh7 Kf8 21. Qh2
1-0

[Event "Quebec op"]
[Site "Montreal CAN"]
[Date "2003.07.13"]
[Round "2"]
[White "Mikanovic, Goran"]
[Black "Laurain, Guy"]
[Result "1/2-1/2"]
[WhiteElo "2298"]
[BlackElo "2079"]
[PlyCount "86"]
[EventDate "2003.07.12"]
[EventType "swiss"]
[EventRounds "9"]
[EventCountry "CAN"]

1. d4 Nf6 2. c4 g6 3. Nc3 Bg7 4. e4 d6 5. Nf3 O-O 6. Be2 e5 7. O-O Nc6 8. d5
Ne7 9. b4 Nd7 10. a4 f5 11. Ng5 Nf6 12. Bf3 fxe4 13. Ncxe4 Nf5 14. Bb2 Nxe4 15.
Nxe4 a5 16. bxa5 Rxa5 17. Bc3 Ra8 18. a5 Nd4 19. Bxd4 exd4 20. Bg4 Qh4 21. Bxc8
Rfxc8 22. Qd3 Qd8 23. g3 c6 24. Rfb1 Ra7 25. h4 Qd7 26. Rb6 Qf5 27. Rd1 cxd5
28. cxd5 Rc3 29. Qe2 Re3 30. fxe3 Qxe4 31. Rxd6 Rxa5 32. Rd8+ Kf7 33. Rd7+ Kg8
34. Rd8+ Kf7 35. Qf2+ Bf6 36. Rf8+ Kxf8 37. Qxf6+ Kg8 38. Qxd4 Qf3 39. Kh2 Qf2+
40. Kh3 Ra2 41. Qe4 Qh2+ 42. Kg4 Qe2+ 43. Kh3 Qh2+ 1/2-1/2

[Event "Quebec op"]
[Site "Montreal CAN"]
[Date "2003.07.13"]
[Round "2"]
[White "Moisan-Plante, Marc-Olivier"]
[Black "Pruess, David"]
[Result "0-1"]
[WhiteElo "2095"]
[BlackElo "2399"]
[PlyCount "72"]
[EventDate "2003.07.12"]
[EventType "swiss"]
[EventRounds "9"]
[EventCountry "CAN"]

1. e4 e6 2. d4 d5 3. Nc3 Nf6 4. e5 Nfd7 5. f4 c5 6. Nf3 Nc6 7. Be3 a6 8. Qd2 b5
9. h4 Qb6 10. dxc5 Bxc5 11. Bxc5 Nxc5 12. a3 O-O 13. Bd3 b4 14. axb4 Nxb4 15.
Na4 Nbxd3+ 16. cxd3 Nxa4 17. Rxa4 Bd7 18. Rb4 Bb5 19. d4 f6 20. Kf2 fxe5 21.
Nxe5 Qd6 22. Rb3 Rxf4+ 23. Qxf4 Rf8 24. Qxf8+ Qxf8+ 25. Nf3 Bc4 26. Re3 Qb8 27.
b3 Bb5 28. Rxe6 Bd3 29. Rhe1 Qxb3 30. Ng5 Qb2+ 31. Kg3 Qb8+ 32. Kg4 Bg6 33. Kf3
h6 34. Nh3 Qa7 35. Rc1 Bd3 36. Rc8+ Kh7 0-1

[Event "Quebec op"]
[Site "Montreal CAN"]
[Date "2003.07.13"]
[Round "2"]
[White "Rek, Slava"]
[Black "Sullivan, Neil"]
[Result "1-0"]
[WhiteElo "2367"]
[BlackElo "2046"]
[PlyCount "143"]
[EventDate "2003.07.12"]
[EventType "swiss"]
[EventRounds "9"]
[EventCountry "CAN"]

1. e4 c5 2. Nf3 Nc6 3. Bb5 g6 4. O-O Bg7 5. Bxc6 dxc6 6. h3 Nf6 7. Re1 O-O 8.
d3 Re8 9. e5 Nd5 10. b3 Be6 11. Bb2 Qd7 12. Ng5 Rad8 13. Nd2 b6 14. a3 Nc7 15.
a4 Bd5 16. a5 Ne6 17. Nxe6 Bxe6 18. Ne4 Bd5 19. Qf3 Qc7 20. Qg3 Bxe4 21. Rxe4
e6 22. Qe3 Rd7 23. f4 Qd8 24. Bc3 Qe7 25. Qf3 Rd5 26. axb6 axb6 27. Rea4 Rc8
28. Ra6 Qd8 29. Qe4 h5 30. g3 Rd7 31. Be1 Bh6 32. Bf2 Rd5 33. Ra7 Rd7 34. R7a6
Rd5 35. h4 Bf8 36. Kg2 Be7 37. Qa4 Rd7 38. Ra8 Rb7 39. Qa6 Rbb8 40. Rxb8 Rxb8
41. Qa7 Kf8 42. Ra6 Rc8 43. Qxb6 Qd5+ 44. Kg1 Qf3 45. Ra1 Kg7 46. Qa6 Rd8 47.
Re1 Qg4 48. Qxc6 Bxh4 49. Kg2 Bxg3 50. Bxg3 h4 51. Qf3 Qxf3+ 52. Kxf3 hxg3 53.
Kxg3 g5 54. fxg5 Kg6 55. Kg4 Rh8 56. Re4 Rh1 57. Rc4 Rg1+ 58. Kf4 Rf1+ 59. Kg3
Kxg5 60. Rxc5 Kf5 61. b4 Rb1 62. b5 f6 63. exf6+ Kxf6 64. Kf4 Ke7 65. c4 Kd6
66. Rc6+ Kd7 67. Ke5 Re1+ 68. Kd4 e5+ 69. Kc5 Rd1 70. Rd6+ Ke7 71. Rd5 Ke6 72.
b6 1-0

[Event "Quebec op"]
[Site "Montreal CAN"]
[Date "2003.07.13"]
[Round "2"]
[White "Rouleau, Paul"]
[Black "Vallieres, Mario"]
[Result "0-1"]
[WhiteElo "1882"]
[BlackElo "2090"]
[PlyCount "128"]
[EventDate "2003.07.12"]
[EventType "swiss"]
[EventRounds "9"]
[EventCountry "CAN"]

1. e4 Nf6 2. e5 Nd5 3. c4 Nb6 4. c5 Nd5 5. Bc4 e6 6. Nc3 Nxc3 7. dxc3 Nc6 8.
Bf4 Bxc5 9. Qg4 O-O 10. Bh6 g6 11. f4 Re8 12. h4 f5 13. Qg3 Qe7 14. Nf3 d5 15.
Bb3 Qd7 16. h5 Ne7 17. Nh4 Kf7 18. Qg5 Rg8 19. Rh3 gxh5 20. Qxh5+ Ng6 21. O-O-O
c6 22. Bc2 Ke8 23. g4 Qf7 24. gxf5 Nxe5 25. Qe2 Ng4 26. fxe6 Qxe6 27. Re1 Qxe2
28. Rxe2+ Kf7 29. Nf5 Nf2 30. Rh5 Rg1+ 31. Kd2 Ne4+ 32. Bxe4 dxe4 33. b4 Kg6
34. Ng7 e3+ 35. Kd3 Bb6 36. Ke4 Kf7 37. f5 Bd7 38. Ne6 Re8 39. Bxe3 Bxe6 40.
fxe6+ Rxe6+ 41. Kf3 Rf6+ 42. Ke4 Rg4+ 43. Kd3 Bxe3 44. Kxe3 h6 45. Reh2 Kg7 46.
Kd2 b5 47. Kc2 Rfg6 48. R5h3 Rg2+ 49. Rxg2 Rxg2+ 50. Kb1 Kg6 51. Rd3 h5 52.
Rd6+ Kf5 53. Rxc6 h4 54. Rh6 Kg4 55. Rg6+ Kh3 56. Rh6 Kg3 57. a4 bxa4 58. c4 h3
59. c5 h2 60. c6 Rg1+ 61. Kb2 h1=Q 62. Rxh1 Rxh1 63. Ka3 Kf4 64. Kxa4 Ke5 0-1

[Event "Quebec op"]
[Site "Montreal CAN"]
[Date "2003.07.13"]
[Round "2"]
[White "Roy, Guy"]
[Black "Singher, Jean-Pierre"]
[Result "0-1"]
[WhiteElo "2107"]
[BlackElo "1972"]
[PlyCount "104"]
[EventDate "2003.07.12"]
[EventType "swiss"]
[EventRounds "9"]
[EventCountry "CAN"]

1. e4 c5 2. Nf3 d6 3. d4 cxd4 4. Nxd4 Nf6 5. Nc3 a6 6. a4 Nc6 7. Be2 e6 8. Be3
Be7 9. O-O O-O 10. Kh1 Qc7 11. f3 Bd7 12. Nxc6 Bxc6 13. Qd2 d5 14. exd5 Nxd5
15. Nxd5 Bxd5 16. c4 Bc6 17. a5 Rad8 18. Qc2 Qe5 19. Bb6 Rd7 20. Bd3 Qg5 21.
Rad1 f5 22. Qe2 Rf6 23. Bc2 Bd6 24. Bg1 Rh6 25. h3 Qg3 26. Rd3 Rxh3+ 27. gxh3
Qxh3+ 28. Bh2 Bxh2 29. Qg2 Qxg2+ 30. Kxg2 Rxd3 31. Bxd3 Bd6 32. Rd1 Bb4 33. Ra1
Kf7 34. Kf2 g5 35. Bc2 h5 36. Rh1 h4 37. Ra1 Bc5+ 38. Ke2 Kf6 39. Ba4 Bxa4 40.
Rxa4 Ke5 41. b4 Bd4 42. Ra3 Kf4 43. Rd3 e5 44. b5 h3 45. bxa6 bxa6 46. Kf1 g4
47. fxg4 fxg4 48. Ke2 g3 49. Rf3+ Kg4 50. Rf8 g2 51. Rg8+ Kf4 52. Rf8+ Ke4 0-1

[Event "Quebec op"]
[Site "Montreal CAN"]
[Date "2003.07.13"]
[Round "2"]
[White "Voloaca, Mihnea"]
[Black "Trinh, Tri Bao"]
[Result "0-1"]
[WhiteElo "2165"]
[BlackElo "2020"]
[PlyCount "112"]
[EventDate "2003.07.12"]
[EventType "swiss"]
[EventRounds "9"]
[EventCountry "CAN"]

1. Nf3 d5 2. g3 Nf6 3. Bg2 c5 4. O-O Nc6 5. d3 e6 6. Nbd2 Be7 7. e4 O-O 8. a4
b6 9. e5 Nd7 10. Re1 Qc7 11. Qe2 Nb4 12. Nb1 Ba6 13. Nc3 Nb8 14. Nb5 Qd7 15. c3
N4c6 16. Bf4 Na5 17. c4 Bb7 18. h4 Na6 19. h5 Nb4 20. h6 g6 21. Red1 Bc6 22.
Bg5 Bxg5 23. Nxg5 a6 24. Nc3 Nb3 25. Rab1 Nd4 26. Qg4 Rad8 27. b3 Nf5 28. Qf4
Qe7 29. Nf3 dxc4 30. g4 Nxd3 31. Rxd3 Rxd3 32. Qxc4 Rxc3 33. Qxc3 Nxh6 34. Nh2
Bxg2 35. Kxg2 Qg5 36. Kh3 Rd8 37. a5 bxa5 38. Re1 Qd2 39. Qxd2 Rxd2 40. Kg3
Rd3+ 41. Nf3 Rxb3 42. Rc1 Rb4 43. Nh2 c4 44. Nf1 Rb5 45. Kf4 Rc5 46. Rc3 Kg7
47. Ne3 Ng8 48. Ke4 Ne7 49. Kd4 Rc7 50. Nxc4 Nc6+ 51. Ke4 Nb4 52. Kd4 a4 53.
Rh3 Nc2+ 54. Kd3 a3 55. Nd6 a2 56. Rh1 Rc6 0-1

[Event "Quebec op"]
[Site "Montreal CAN"]
[Date "2003.07.13"]
[Round "2"]
[White "Voskanyan, Vahagn"]
[Black "Laframboise, Marc-Andre"]
[Result "1-0"]
[WhiteElo "2281"]
[BlackElo "2110"]
[PlyCount "135"]
[EventDate "2003.07.12"]
[EventType "swiss"]
[EventRounds "9"]
[EventCountry "CAN"]

1. e4 c5 2. Nf3 d6 3. d4 cxd4 4. Nxd4 Nf6 5. Bd3 a6 6. c4 e6 7. Nc3 Be7 8. O-O
O-O 9. Be3 Qc7 10. Rc1 Nbd7 11. b4 b6 12. f3 Bb7 13. Na4 Rac8 14. Qe1 Ne5 15.
Be2 Nfd7 16. Qf2 Bd8 17. Rfd1 Qb8 18. Nb2 Be7 19. a3 Rfe8 20. Rc2 Ba8 21. Rcd2
g5 22. h4 gxh4 23. f4 Nc6 24. Nxc6 Bxc6 25. e5 d5 26. cxd5 Bxd5 27. Bxa6 Rc3
28. Bb5 Rd8 29. Rd3 Rxd3 30. Rxd3 Qc7 31. Bd4 Kh8 32. Rc3 Qb7 33. Bf1 Rg8 34.
Nc4 Bxc4 35. Bxc4 Qe4 36. Bf1 Rg4 37. Rf3 Rg3 38. Rxg3 hxg3 39. Qe3 Qxe3+ 40.
Bxe3 Bd8 41. Bd3 h5 42. Kf1 Kg7 43. Ke2 f6 44. Bb5 Nf8 45. exf6+ Kxf6 46. Kf3
e5 47. Kxg3 Ne6 48. fxe5+ Kxe5 49. Be8 Nd4 50. Bf4+ Ke4 51. Bg6+ Nf5+ 52. Bxf5+
Kxf5 53. a4 Ke4 54. Bh6 Be7 55. a5 bxa5 56. bxa5 Kd5 57. Be3 Kc6 58. a6 Kc7 59.
Kf4 Kb8 60. Kf5 Bd8 61. Bd4 Be7 62. Bf6 Bf8 63. Kg5 Ka7 64. Kxh5 Kxa6 65. g4
Kb7 66. g5 Kc8 67. Kg6 Kd7 68. Kf7 1-0

[Event "Quebec op"]
[Site "Montreal CAN"]
[Date "2003.07.13"]
[Round "3"]
[White "Anastasovski, Nikola"]
[Black "Laptos, Kris"]
[Result "1-0"]
[WhiteElo "2062"]
[BlackElo "2277"]
[PlyCount "79"]
[EventDate "2003.07.12"]
[EventType "swiss"]
[EventRounds "9"]
[EventCountry "CAN"]

1. e4 g6 2. c4 Bg7 3. Nc3 c5 4. g3 Nc6 5. Bg2 e6 6. d3 Nge7 7. Nge2 b6 8. h4 h5
9. Bg5 Bb7 10. Qd2 d6 11. Rc1 Qd7 12. Be3 Ne5 13. b3 O-O 14. d4 Ng4 15. O-O
Nxe3 16. Qxe3 cxd4 17. Nxd4 Nc6 18. Nxc6 Bxc6 19. Rcd1 Rad8 20. Rd3 Qc7 21.
Rfd1 a6 22. Qd2 Qb7 23. f3 Rd7 24. Ne2 Be5 25. Kh2 b5 26. Nd4 bxc4 27. bxc4 Ba4
28. Nb3 Qc7 29. f4 Bg7 30. c5 Bxb3 31. cxd6 Rxd6 32. Rxd6 Bxd1 33. Qxd1 Qa5 34.
Qe2 Qb5 35. Qc2 Bb2 36. a4 Qb4 37. e5 a5 38. Qe4 Kg7 39. Rd7 Kh6 40. Rb7 1-0

[Event "Quebec op"]
[Site "Montreal CAN"]
[Date "2003.07.13"]
[Round "3"]
[White "Audet-Bouchard, Nicolas"]
[Black "Arsenault, Nicolas"]
[Result "1-0"]
[WhiteElo "2134"]
[BlackElo "2043"]
[PlyCount "49"]
[EventDate "2003.07.12"]
[EventType "swiss"]
[EventRounds "9"]
[EventCountry "CAN"]

1. e4 e6 2. d4 d5 3. Nc3 Nf6 4. Bg5 dxe4 5. Nxe4 Be7 6. Bxf6 gxf6 7. Nf3 a6 8.
Bd3 f5 9. Ng3 c5 10. Qd2 cxd4 11. Nxd4 h5 12. O-O-O Kf8 13. Qc3 Kg8 14. Be2 Qf8
15. Nxh5 Qh6+ 16. Kb1 Nd7 17. Rd3 Nf6 18. Rh3 Nxh5 19. Bxh5 Qf6 20. Rd1 e5 21.
Nf3 e4 22. Ne5 Be6 23. f4 exf3 24. gxf3 f4 25. Bxf7+ 1-0

[Event "Quebec op"]
[Site "Montreal CAN"]
[Date "2003.07.13"]
[Round "3"]
[White "Cazelais, Marc"]
[Black "Cloutier, Mario"]
[Result "1/2-1/2"]
[WhiteElo "2218"]
[BlackElo "2022"]
[PlyCount "51"]
[EventDate "2003.07.12"]
[EventType "swiss"]
[EventRounds "9"]
[EventCountry "CAN"]

1. e4 g6 2. d4 Bg7 3. g3 d5 4. e5 h5 5. Nf3 Bg4 6. h3 Bxf3 7. Qxf3 e6 8. Bd3 c5
9. Bb5+ Nc6 10. Bxc6+ bxc6 11. Qc3 Qb6 12. dxc5 Qa6 13. Bf4 Ne7 14. Nd2 Rb8 15.
b3 Nf5 16. Nf3 Bf8 17. b4 Qb5 18. a3 a5 19. Rb1 Bxc5 20. Bd2 axb4 21. axb4 Be7
22. Ra1 Qb6 23. Ke2 Qb5+ 24. Qd3 O-O 25. g4 Ng7 26. Rhb1 1/2-1/2

[Event "Quebec op"]
[Site "Montreal CAN"]
[Date "2003.07.13"]
[Round "3"]
[White "Falardeau, Bruno"]
[Black "Hua, Lefong"]
[Result "0-1"]
[WhiteElo "1983"]
[BlackElo "2329"]
[PlyCount "68"]
[EventDate "2003.07.12"]
[EventType "swiss"]
[EventRounds "9"]
[EventCountry "CAN"]

1. e4 c5 2. Nc3 Nc6 3. f4 g6 4. Nf3 Bg7 5. Bb5 e6 6. O-O Nge7 7. d3 O-O 8. Qe2
d5 9. Nd1 f5 10. c3 a6 11. Ba4 b5 12. Bc2 Qd6 13. Be3 fxe4 14. dxe4 d4 15. e5
Qd8 16. Bf2 Rxf4 17. cxd4 cxd4 18. g3 Rf8 19. Be4 Bb7 20. Rc1 Qd7 21. Rc5 Rad8
22. a3 Na5 23. Bxb7 Nxb7 24. Rc1 Nc6 25. Qe4 Nba5 26. Rc5 Rc8 27. Re1 Nb3 28.
Rc2 Qd5 29. Ng5 Nxe5 30. Rxc8 Rxc8 31. Kg2 Rc1 32. Qxd5 exd5 33. Ne6 Nd3 34.
Rf1 Rc2 0-1

[Event "Quebec op"]
[Site "Montreal CAN"]
[Date "2003.07.13"]
[Round "3"]
[White "Gauthier, Denis"]
[Black "Rek, Slava"]
[Result "0-1"]
[WhiteElo "1998"]
[BlackElo "2367"]
[PlyCount "42"]
[EventDate "2003.07.12"]
[EventType "swiss"]
[EventRounds "9"]
[EventCountry "CAN"]

1. d4 d5 2. c4 dxc4 3. e4 e5 4. Nf3 exd4 5. Bxc4 Bb4+ 6. Nbd2 Nc6 7. O-O Bg4 8.
Qb3 Qd7 9. Bd5 Bxd2 10. Qxb7 Rb8 11. Qxc6 Bxf3 12. Bxd2 Bh5 13. Rac1 Ne7 14.
Qxc7 Rxb2 15. Bg5 f6 16. Bf4 Nxd5 17. Qc8+ Qxc8 18. Rxc8+ Kf7 19. Rxh8 Nxf4 20.
g3 Nh3+ 21. Kg2 Ng5 0-1

[Event "Quebec op"]
[Site "Montreal CAN"]
[Date "2003.07.13"]
[Round "3"]
[White "Gilman, Arkadiy"]
[Black "Clyde, Jordan"]
[Result "1-0"]
[WhiteElo "2125"]
[BlackElo "2020"]
[PlyCount "35"]
[EventDate "2003.07.12"]
[EventType "swiss"]
[EventRounds "9"]
[EventCountry "CAN"]

1. d4 g6 2. c4 Bg7 3. Nf3 d6 4. e4 Nd7 5. Nc3 e5 6. Be2 Ne7 7. O-O Nc6 8. Bg5
f6 9. Be3 O-O 10. Qd2 a5 11. Rad1 b6 12. dxe5 Nc5 13. Qd5+ Be6 14. Qxc6 fxe5
15. Ng5 Bf6 16. Nxe6 Nxe6 17. Qd5 Re8 18. Bg4 1-0

[Event "Quebec op"]
[Site "Montreal CAN"]
[Date "2003.07.13"]
[Round "3"]
[White "Gravel, Simon M"]
[Black "Poulin, Maurice"]
[Result "1-0"]
[WhiteElo "2266"]
[BlackElo "2077"]
[PlyCount "47"]
[EventDate "2003.07.12"]
[EventType "swiss"]
[EventRounds "9"]
[EventCountry "CAN"]

1. c4 g6 2. g3 Bg7 3. Bg2 d6 4. Nc3 c5 5. e3 Nc6 6. Nge2 h5 7. h4 Bg4 8. a3 Qd7
9. Rb1 Ne5 10. d3 Nf3+ 11. Kf1 O-O-O 12. Qc2 Bxc3 13. Nxc3 Nf6 14. b4 cxb4 15.
Nb5 a6 16. Nd4 Nxd4 17. exd4 Qf5 18. f4 Kb8 19. Rxb4 d5 20. Qb3 Rd7 21. Kf2 Rc8
22. Re1 Bh3 23. Bf3 e6 24. Re5 1-0

[Event "Quebec op"]
[Site "Montreal CAN"]
[Date "2003.07.13"]
[Round "3"]
[White "Laframboise, Marc-Andre"]
[Black "Ramaswamy, Kishor"]
[Result "1/2-1/2"]
[WhiteElo "2110"]
[BlackElo "2014"]
[PlyCount "43"]
[EventDate "2003.07.12"]
[EventType "swiss"]
[EventRounds "9"]
[EventCountry "CAN"]

1. d4 d5 2. c4 e6 3. Nc3 Nf6 4. cxd5 exd5 5. Bg5 Nbd7 6. e3 c6 7. Bd3 Be7 8.
Nf3 Nh5 9. Bxe7 Qxe7 10. O-O g6 11. Rb1 Ng7 12. b4 Nb6 13. b5 Bf5 14. bxc6 bxc6
15. Bxf5 Nxf5 16. Na4 Nc4 17. Nc5 Nfd6 18. Qa4 Qc7 19. e4 O-O 20. Rfc1 Rfe8 21.
Na6 Qc8 22. exd5 1/2-1/2

[Event "Quebec op"]
[Site "Montreal CAN"]
[Date "2003.07.13"]
[Round "3"]
[White "Laurain, Guy"]
[Black "Nogueiras, Jesus"]
[Result "1/2-1/2"]
[WhiteElo "2079"]
[BlackElo "2565"]
[PlyCount "38"]
[EventDate "2003.07.12"]
[EventType "swiss"]
[EventRounds "9"]
[EventCountry "CAN"]

1. e4 e6 2. d4 d5 3. Nc3 Nf6 4. e5 Nfd7 5. f4 c5 6. Nf3 Nc6 7. Be3 Be7 8. Qd2
O-O 9. O-O-O a6 10. dxc5 Bxc5 11. Nd4 Nxd4 12. Bxd4 b5 13. Qe3 Bxd4 14. Qxd4
Qc7 15. Bd3 Bb7 16. Rhe1 Nc5 17. f5 exf5 18. Bxf5 Rfe8 19. Qh4 g6 1/2-1/2

[Event "Quebec op"]
[Site "Montreal CAN"]
[Date "2003.07.13"]
[Round "3"]
[White "Miron, Francois"]
[Black "Bolduc, Steve"]
[Result "0-1"]
[WhiteElo "2058"]
[BlackElo "2275"]
[PlyCount "72"]
[EventDate "2003.07.12"]
[EventType "swiss"]
[EventRounds "9"]
[EventCountry "CAN"]

1. e4 c5 2. f4 d5 3. Nc3 d4 4. Nce2 Nc6 5. d3 e5 6. Nf3 Bd6 7. f5 h5 8. g3 g6
9. fxg6 fxg6 10. Bg5 Be7 11. Qd2 Bg4 12. Neg1 Bxg5 13. Qxg5 Qxg5 14. Nxg5 Ke7
15. a3 h4 16. Bg2 hxg3 17. hxg3 Rxh1 18. Bxh1 Nf6 19. Bf3 Rh8 20. O-O-O Rh5 21.
Bxg4 Rxg5 22. Bc8 Rxg3 23. Bxb7 Nd8 24. Bc8 Ne6 25. Bxe6 Kxe6 26. Kd2 g5 27.
Ne2 Rh3 28. b4 c4 29. Rg1 c3+ 30. Kd1 g4 31. Ng3 a6 32. Nf1 Kf7 33. Ke2 Kg6 34.
Kf2 Kg5 35. a4 Kf4 36. Rg2 Rxd3 0-1

[Event "Quebec op"]
[Site "Montreal CAN"]
[Date "2003.07.13"]
[Round "3"]
[White "Singher, Jean-Pierre"]
[Black "Legky, Nikolay"]
[Result "0-1"]
[WhiteElo "1972"]
[BlackElo "2465"]
[PlyCount "50"]
[EventDate "2003.07.12"]
[EventType "swiss"]
[EventRounds "9"]
[EventCountry "CAN"]

1. d4 Nf6 2. c4 c5 3. e3 g6 4. Nf3 Bg7 5. Be2 O-O 6. O-O cxd4 7. exd4 d5 8. Nc3
Nc6 9. Be3 dxc4 10. Bxc4 Na5 11. Bd3 Be6 12. Qe2 Rc8 13. Ne5 Nd5 14. Nxd5 Bxd5
15. b3 Nc6 16. Rac1 Qd6 17. h3 Nxe5 18. dxe5 Qxe5 19. Bxa7 Rxc1 20. Rxc1 Qg5
21. f4 Qxf4 22. Qe3 Be5 23. Qxf4 Bxf4 24. Rc2 e5 25. b4 Ra8 0-1

[Event "Quebec op"]
[Site "Montreal CAN"]
[Date "2003.07.13"]
[Round "3"]
[White "Sullivan, Neil"]
[Black "Beaulieu, Eric"]
[Result "0-1"]
[WhiteElo "2046"]
[BlackElo "2232"]
[PlyCount "58"]
[EventDate "2003.07.12"]
[EventType "swiss"]
[EventRounds "9"]
[EventCountry "CAN"]

1. e4 e6 2. d3 d5 3. Nd2 Nf6 4. Ngf3 b6 5. g3 dxe4 6. dxe4 Bc5 7. Bg2 Ba6 8. c4
Qd3 9. Bf1 Qd7 10. Bg2 e5 11. O-O Nc6 12. a3 Bb7 13. b4 Bd4 14. Nxd4 Qxd4 15.
Rb1 O-O-O 16. Re1 h5 17. Qc2 h4 18. Rb3 hxg3 19. hxg3 Qd6 20. Nf3 Ng4 21. c5
Nd4 22. Nxd4 Qxd4 23. cxb6 axb6 24. Qe2 f5 25. exf5 Bxg2 26. Kxg2 Rh2+ 27. Kg1
Rdh8 28. Qf3 Rh1+ 29. Qxh1 Qxf2# 0-1

[Event "Quebec op"]
[Site "Montreal CAN"]
[Date "2003.07.13"]
[Round "3"]
[White "Vallieres, Mario"]
[Black "Mongeau, Diane"]
[Result "1-0"]
[WhiteElo "2090"]
[BlackElo "1839"]
[PlyCount "45"]
[EventDate "2003.07.12"]
[EventType "swiss"]
[EventRounds "9"]
[EventCountry "CAN"]

1. d4 d5 2. Nc3 Nf6 3. Bg5 Bf5 4. e3 c6 5. Bd3 Bxd3 6. Qxd3 Ne4 7. Bf4 g5 8.
Bg3 Nd6 9. Nf3 f6 10. h4 g4 11. Nd2 e6 12. e4 Na6 13. a3 dxe4 14. Ndxe4 Nf5 15.
O-O-O Qa5 16. Nxf6+ Kf7 17. Nce4 Rd8 18. Be5 Nxd4 19. Bxd4 c5 20. Ng5+ Ke7 21.
Qc4 Qb6 22. Rhe1 Rd6 23. Nd5+ 1-0

[Event "Quebec op"]
[Site "Montreal CAN"]
[Date "2003.07.14"]
[Round "4"]
[White "Abreu Cordero, Jose"]
[Black "Gravel, Simon M"]
[Result "1-0"]
[WhiteElo "2079"]
[BlackElo "2266"]
[PlyCount "115"]
[EventDate "2003.07.12"]
[EventType "swiss"]
[EventRounds "9"]
[EventCountry "CAN"]

1. e4 e5 2. Nf3 Nc6 3. Bb5 a6 4. Bxc6 dxc6 5. h3 c5 6. O-O f6 7. d3 Ne7 8. Nc3
Be6 9. Be3 Nc6 10. Nd2 Qd7 11. a4 a5 12. b3 g5 13. Nc4 O-O-O 14. Ne2 h5 15. Kh2
b6 16. Nc3 Kb7 17. Rb1 Be7 18. Qd2 Rdg8 19. Ne2 f5 20. exf5 Bxf5 21. Ng3 Be6
22. Rh1 g4 23. hxg4 Rxg4 24. f3 Rg7 25. Ne4 Rhg8 26. Rhg1 h4 27. Rbf1 Qe8 28.
Qf2 Qh5 29. c3 Rg3 30. Qe2 Qf5 31. Kh1 h3 32. Nxg3 Rxg3 33. Rf2 Bh4 34. Nd2 Qh5
35. Rgf1 Ne7 36. gxh3 Bxh3 37. Rh2 Bxf1 38. Qxf1 Nf5 39. Bf2 Qg6 40. Qe1 Qg5
41. Ne4 Qf4 42. Nxg3 Qxf3+ 43. Rg2 Bxg3 44. Qe4+ Qxe4 45. dxe4 Bxf2 46. exf5
Bh4 47. Rg6 Kc8 48. Kg2 c4 49. bxc4 Be1 50. Kf3 Bxc3 51. Ke4 Kd7 52. Kd5 Ke7
53. Re6+ Kf7 54. Rc6 Bd4 55. Rxc7+ Kf6 56. Ke4 Kg5 57. Rc6 Kh5 58. Rg6 1-0

[Event "Quebec op"]
[Site "Montreal CAN"]
[Date "2003.07.14"]
[Round "4"]
[White "Audet-Bouchard, Nicolas"]
[Black "Singher, Jean-Pierre"]
[Result "1/2-1/2"]
[WhiteElo "2134"]
[BlackElo "1972"]
[PlyCount "34"]
[EventDate "2003.07.12"]
[EventType "swiss"]
[EventRounds "9"]
[EventCountry "CAN"]

1. e4 c5 2. Nf3 d6 3. d4 cxd4 4. Nxd4 Nf6 5. Nc3 a6 6. Bd3 Nc6 7. Nxc6 bxc6 8.
O-O e5 9. f4 Qb6+ 10. Kh1 Be7 11. Qe1 h5 12. fxe5 dxe5 13. Qg3 Ng4 14. Bc4 Be6
15. Bxe6 fxe6 16. b3 O-O-O 17. Na4 Nf2+ 1/2-1/2

[Event "Quebec op"]
[Site "Montreal CAN"]
[Date "2003.07.14"]
[Round "4"]
[White "Bachand-Fleurent, Julien"]
[Black "Gilman, Arkadiy"]
[Result "1/2-1/2"]
[WhiteElo "2060"]
[BlackElo "2125"]
[PlyCount "67"]
[EventDate "2003.07.12"]
[EventType "swiss"]
[EventRounds "9"]
[EventCountry "CAN"]

1. e4 e6 2. d4 d5 3. Nc3 Nf6 4. Bg5 Bb4 5. e5 h6 6. Bd2 Nfd7 7. Qg4 Bf8 8. f4
c5 9. Nf3 cxd4 10. Nb5 Nc6 11. O-O-O a6 12. Nd6+ Bxd6 13. Qxg7 Rf8 14. exd6 Qf6
15. Qxf6 Nxf6 16. Nxd4 Ne4 17. Be3 Nxd6 18. Nxc6 bxc6 19. Bc5 Kd7 20. Bd3 Rg8
21. g3 a5 22. c3 Ba6 23. Bc2 Be2 24. Rde1 Bf3 25. Rhf1 Be4 26. Bxd6 Bxc2 27.
Be5 Be4 28. Re3 Bf5 29. h3 h5 30. h4 Rg6 31. Bd4 Rag8 32. Rg1 Rg4 33. Bc5 Be4
34. Kd2 1/2-1/2